000 01257 a2200277 4500
003 Nust
005 20170207154044.0
010 _a 2007019249
020 _a0470117214 (pbk.)
020 _a9780470117217 (pbk.)
035 _a(OCoLC)124165928
035 _a(OCoLC)ocn124165928
040 _cNust
082 0 0 _a658.404
100 1 _aMcGhee, Pamela,
245 1 0 _aPainless project management :a step-by-step guide for planning, executing, and managing projects -(E-BOOK)
_cPamela McGhee, Peter McAliney.
260 _aHoboken, N.J. :
_bJohn Wiley & Sons,
_cc2007.
300 _ax, 252 p. :
_bill. ;
_c24 cm.
505 _aPart I. The Painless Faster, Simpler Method For Smaller Projects And Newer Project Managers (Page-3), Part Ii The Painless Tried-And-True Method For Larger, More Complex Projects And Experienced Project Managers (Page-111).
650 0 _aProject management.
651 _aE-BOOK
700 1 _aMcAliney, Peter,
_d1961-
856 4 1 _3Contributor biographical information
_uhttp://www.loc.gov/catdir/enhancements/fy0739/2007019249-b.html
856 4 1 _3Publisher description
_uhttp://www.loc.gov/catdir/enhancements/fy0739/2007019249-d.html
856 4 1 _3Table of contents only
_uhttp://www.loc.gov/catdir/toc/ecip0717/2007019249.html
942 _2ddc
_cBK
999 _c192784
_d192784